LDR 01036naa#a2200193#i#450# 001 RU\RIOR\bibl\126294 005 20260629104124.1 011 ## _a2409-6024 100 ## _a20260530b2026####ek#y0rusy0150####ca 102 ## _aRU 200 1# _aТРАНСФОРМАЦИЯ ТОРГОВОЙ БИЗНЕС-МОДЕЛИ В ТОРГОВО-ПРОИЗВОДСТВЕННУЮ КАК ФАКТОР ПОВЫШЕНИЯ ФИНАНСОВОЙ УСТОЙЧИВОСТИ КОМПАНИИ (НА ПРИМЕРЕ МУКОМОЛЬНОЙ ПРОМЫШЛЕННОСТИ) _eЖурнальная статья 210 1# _aМосква _cООО "Издательский Центр РИОР" _d2026 215 ## _a20 с. 608 ## _aЖурнальная статья _2local 675 ## _aЭкономика. Народное хозяйство. Экономические науки. 33 _z 700 #1 _aБаранова _gАлла Юрьевна 700 #1 _aТроицкая _gНадежда Николаевна 700 #1 _aАзизова _gКарина Олеговна 856 4# _ariorpub.com _u